000 00776nam a2200229Ia 4500
001 dia_1846
003 CHAP
005 20230614100624.0
008 220117s1975 xx 000 0 und d
010 _a172383
040 _cCHAP
082 _a631.7972 P34
100 _aPalacios Vélez, Enrique
_984851
245 _aProductividad, Ingreso y Eficiencia en el Uso del Agua en los Distritos de Riego de México: Problemas Principales y Posibles Soluciones /
_c por Enrique Palacios Vélez
260 _aChapingo, México :
_b C.P. Rama de Riego y Drenaje,
_c1975
300 _a95 p.
650 _a1.Irrigación
_xMéxico.
_9151693
901 _a631.7972 P34
902 _aM
905 _a0000001975 MEXX 0000000000ESP00
942 _cLIBRO
_2ddc
999 _c172383
_d172383